| 000 | 01889cam a2200265 4500500 | ||
|---|---|---|---|
| 005 | 20260201103731.0 | ||
| 041 | _afre | ||
| 042 | _adc | ||
| 100 | 1 | 0 |
_aEymeri-Douzans _eauthor |
| 245 | 0 | 0 | _aLes concours à l'épreuve |
| 260 | _c2012. | ||
| 500 | _a74 | ||
| 520 | _aRésumé Les concours administratifs, qui occupent une place particulière dans notre pays, au cœur même du « contrat social » et politique français, sont entrés dans une période de mise en examen d’abord à bas bruit, puis de procès ouvert, appelant et justifiant les réformes récentes des concours, encore inachevées. Mais grandes sont la résilience comme la plasticité de la « forme institutionnelle » concours, dont la pérennité est avérée, même si des menaces existent sur l’avenir du concours. | ||
| 520 | _a— Entrance examinations put to the test — Civil service entrance examinations, which enjoy a peculiar place in France, are at the heart of the French social and political contract. They have entered a period of questioning, which began quietly but evolved into an open trial, calling for and justifying recent reforms of these examinations, which are still on-going. However, the competitive examination, as an “institutional form”, has proved very resilient and flexible, demonstrating its ability to last, despite the existence of some threats to its future. | ||
| 690 | _aConcours | ||
| 690 | _acontrat social français | ||
| 690 | _aforme institutionnelle | ||
| 690 | _aréformes | ||
| 690 | _aEntrance examination | ||
| 690 | _aFrench social contract | ||
| 690 | _aInstitutional forms | ||
| 690 | _areforms | ||
| 786 | 0 | _nRevue française d'administration publique | 142 | 2 | 2012-07-12 | p. 307-325 | 0152-7401 | |
| 856 | 4 | 1 | _uhttps://droit.cairn.info/revue-francaise-d-administration-publique-2012-2-page-307?lang=fr&redirect-ssocas=7080 |
| 999 |
_c1641154 _d1641154 |
||